Geography Quiz

Random Geography or State Quiz
Score 0/23 Timer 05:00
0 Plays Today
Hint Answer % Correct
Capital CityHartford
95.1%
Time ZoneEastern
94.4%
State AbbreviationCT
90.9%
Bordering StateNew York
88.4%
Bordering StateMassachusetts
87%
Bordering StateRhode Island
87%
Ivy League SchoolYale University
84.9%
Largest CityBridgeport
83.2%
No. State to Enter Union5th
80%
NicknameThe Constitution State
78.2%
Number of counties8
71.9%
President born in this stateGeorge Bush
63.2%
Hint Answer % Correct
GovernorDannel Malloy
53%
Their Athletic NicknameBulldogs
52.3%
DemonymConnecticuter
48.4%
Date of EntryJanuary 9, 1788
47.7%
State BirdRobin
43.5%
SenatorRichard Blumenthal
41.8%
State FlowerMountain laurel
34.4%
SenatorJoe Lieberman
32.3%
Lowest PointLong Island Sound (0 ft)
31.2%
Highest PointMount Frissell (2,379 ft on slope)
22.5%
MottoQui transtulit sustinet
12.3%
Remove Ads.
Support Sporcle.
Get the best of Sporcle when you Go Orange. This ad-free experience offers more features, more stats, and more fun while also helping to support Sporcle. Thank you for becoming a member.

You're not logged in!

Compare scores with friends on all Sporcle quizzes.
OR
Log In

Show Comments

Extras

Created Jul 14, 2012ReportNominate
Tags:State Quiz, connecticut

Top Quizzes Today


Score Distribution

Your Account Isn't Verified!

In order to create a playlist on Sporcle, you need to verify the email address you used during registration. Go to your Sporcle Settings to finish the process.

Report this User

Report this user for behavior that violates our Community Guidelines.

Details: